[Event "XXXI C.to Italiano femminile"]
[Site "Bratto - Castione della Presolana ITA"]
[Date "2004.08.27"]
[Round "8"]
[White "Ambrosi, Eleonora"]
[Black "Sautto, Alessandra"]
[Result "1-0"]
[WhiteElo "2118"]
[BlackElo "1978"]
[PlyCount "131"]
[EventDate "2004.08.20"]

1. e4 e6 2. d4 d5 3. Nc3 dxe4 4. Nxe4 Bd7 5. Nf3 Bc6 6. Bd3 Nd7 7. O-O Ngf6 8.
Ng3 Bd6 9. b3 Bxf3 10. Qxf3 c6 11. Bb2 Qa5 12. a3 O-O 13. c4 Qg5 14. Bc2 Qh4
15. Rae1 Rfe8 16. h3 Rad8 17. Ne4 Qf4 18. Qxf4 Bxf4 19. g3 Bc7 20. f4 Nxe4 21.
Rxe4 Nf6 22. Re2 Bb6 23. c5 Bc7 24. Rfe1 g6 25. Kf2 Rd5 26. Kf3 Red8 27. g4 Kf8
28. Rg1 R5d7 29. f5 exf5 30. gxf5 Re8 31. Rxe8+ Kxe8 32. Re1+ Re7 33. Rxe7+
Kxe7 34. Bc1 Kf8 35. Bd2 Kg7 36. b4 a6 37. a4 Nd5 38. fxg6 hxg6 39. b5 axb5 40.
axb5 Kf6 41. b6 Bb8 42. Be4 Ke6 43. Bg5 f5 44. Bc2 Bh2 45. Bc1 Kf6 46. Bb3 Ke6
47. h4 Bg1 48. Bb2 Bh2 49. Kg2 Bf4 50. Bc3 Be3 51. Kf3 Bg1 52. Ke2 Bh2 53. Be1
Bf4 54. Kf3 Bc1 55. Bg3 Kd7 56. Bxd5 cxd5 57. Bf4 Bb2 58. Be3 Bc3 59. Ke2 Kc6
60. Bf2 Kd7 61. Kd3 Bb4 62. Ke3 Bc3 63. Kf4 Bd2+ 64. Ke5 Bh6 65. Kf6 g5 66.
hxg5 1-0

[Event "XXXI C.to Italiano femminile"]
[Site "Bratto - Castione della Presolana ITA"]
[Date "2004.08.27"]
[Round "8"]
[White "Banki, Brigitta"]
[Black "Tiozzo Netti, Valeria"]
[Result "1-0"]
[WhiteElo "1789"]
[BlackElo "1643"]
[PlyCount "83"]
[EventDate "2004.08.20"]

1. e4 e5 2. Nf3 Nf6 3. Nc3 Bb4 4. Bc4 d6 5. Nd5 Nxd5 6. Bxd5 c6 7. Bc4 O-O 8.
c3 Ba5 9. O-O Bg4 10. h3 Bh5 11. Be2 Nd7 12. Nh2 Bg6 13. d3 h6 14. Kh1 Kh8 15.
f4 f5 16. fxe5 dxe5 17. exf5 Bxf5 18. Bg4 Bh7 19. Be3 Nf6 20. Bc5 Re8 21. Bf5
g6 22. Be4 Nxe4 23. dxe4 Kg7 24. Qf3 Bg8 25. Rad1 Qc7 26. Qf6+ Kh7 27. Ng4 Bb6
28. Bd6 Qg7 29. Bxe5 Rxe5 30. Qxg7+ Kxg7 31. Rd7+ Kh8 32. Nxe5 Bxa2 33. Nxg6+
Kg8 34. Ne7+ Kh8 35. Rxb7 Bc4 36. Ng6+ Kg8 37. Rf6 Rc8 38. Ne7+ Kh8 39. Rxh6+
Kg7 40. Nf5+ Kg8 41. Rg7+ Kf8 42. Rh8+ 1-0

[Event "XXXI C.to Italiano femminile"]
[Site "Bratto - Castione della Presolana ITA"]
[Date "2004.08.27"]
[Round "8"]
[White "Borsato, Laura"]
[Black "Pica, Livia"]
[Result "1-0"]
[WhiteElo "1580"]
[BlackElo "1520"]
[PlyCount "142"]
[EventDate "2004.08.20"]

1. e4 e5 2. Nf3 Nc6 3. Bc4 Be7 4. d3 d6 5. h3 Nf6 6. Bg5 h6 7. Bxf6 Bxf6 8.
Nbd2 O-O 9. O-O a6 10. a4 b6 11. c3 a5 12. Nh2 Re8 13. Bd5 Bd7 14. Ng4 Bg5 15.
Bxc6 Bxc6 16. Nf3 Bf4 17. g3 Bg5 18. h4 Bf6 19. Nfh2 d5 20. Qf3 Re6 21. Nxf6+
Rxf6 22. Qe2 dxe4 23. dxe4 Qe7 24. Ng4 Rd6 25. f3 Qe6 26. Rfd1 Rad8 27. Qc2 h5
28. Nf2 Bb7 29. Rxd6 Rxd6 30. Rd1 Qf6 31. Kg2 Re6 32. Rd7 Re7 33. Rd8+ Kh7 34.
Nh3 Ba6 35. Ng5+ Kg6 36. Qd2 Qc6 37. Qd5 Qxd5 38. Rxd5 Bc4 39. Rd8 f6 40. Nh3
Bb3 41. Kf2 Bxa4 42. Ke3 Bb5 43. Nf2 c5 44. Rd6 Rb7 45. f4 exf4+ 46. gxf4 Kf7
47. e5 Bc4 48. Ne4 fxe5 49. fxe5 Ke7 50. Rg6 Rd7 51. Rxg7+ Ke6 52. Ng5+ Kxe5
53. Rxd7 a4 54. Nf3+ Kf5 55. Rd6 b5 56. Rc6 Kg4 57. Ne5+ Kxh4 58. Nxc4 bxc4 59.
Rxc5 Kg4 60. Rxc4+ Kg3 61. Rxa4 h4 62. Ra1 Kg2 63. b4 h3 64. b5 h2 65. b6 h1=Q
66. Rxh1 Kxh1 67. b7 Kg2 68. b8=Q Kf1 69. Qb2 Kg1 70. Qc2 Kh1 71. Kf3 Kg1 1-0

[Event "XXXI C.to Italiano femminile"]
[Site "Bratto - Castione della Presolana ITA"]
[Date "2004.08.27"]
[Round "8"]
[White "Brunello, Marina"]
[Black "Pili, Erika"]
[Result "1-0"]
[WhiteElo "1571"]
[BlackElo "1853"]
[PlyCount "145"]
[EventDate "2004.08.20"]

1. e4 e5 2. Nf3 Nc6 3. d4 exd4 4. Nxd4 Bc5 5. Be3 Nf6 6. Nxc6 dxc6 7. Qxd8+
Kxd8 8. Bxc5 Nxe4 9. Be3 Re8 10. Bd3 Nc5 11. Be2 Ne6 12. O-O Ke7 13. Nc3 Kf8
14. Rad1 Kg8 15. Rfe1 b6 16. Bf3 Bb7 17. Kf1 Re7 18. Rd2 Rae8 19. Red1 f5 20.
g3 g5 21. Rd7 g4 22. Rxe7 Rxe7 23. Bg2 Kg7 24. h3 h5 25. hxg4 hxg4 26. Kg1 Kg6
27. Ne2 Ng5 28. Bxg5 Rxe2 29. Bd2 Re6 30. Bc3 Rd6 31. Re1 Kf7 32. Re5 Bc8 33.
Re2 Be6 34. a3 c5 35. Be5 Rd7 36. Bc6 Re7 37. Bf4 Kf6 38. Rd2 Bc8 39. b4 Re1+
40. Kg2 Ra1 41. Rd3 cxb4 42. axb4 a5 43. bxa5 bxa5 44. Rd4 Ba6 45. Ra4 Bf1+ 46.
Kh2 Re1 47. Bxc7 Re2 48. Bb6 Rxc2 49. Bd7 Rd2 50. Be8 Be2 51. Bc6 Rd6 52. Bd4+
Ke6 53. Bg2 Bd1 54. Rc4 Bb3 55. Rc3 a4 56. Re3+ Kf7 57. Bc5 Re6 58. Rxe6 Kxe6
59. Bc6 Ke5 60. Kg2 f4 61. gxf4+ Kxf4 62. Bd6+ Kg5 63. Bd7 Bd1 64. Kg3 Kh5 65.
Be7 a3 66. Bxa3 Kg5 67. Be7+ Kh5 68. Be8+ Kh6 69. Kh4 Bf3 70. Bf8+ Kh7 71. Bf7
Bd1 72. Kg5 Be2 73. Be6 1-0

[Event "XXXI C.to Italiano femminile"]
[Site "Bratto - Castione della Presolana ITA"]
[Date "2004.08.27"]
[Round "8"]
[White "Cassinera, Chiara"]
[Black "Tomba, Patrizia"]
[Result "1/2-1/2"]
[WhiteElo "1619"]
[BlackElo "1637"]
[PlyCount "67"]
[EventDate "2004.08.20"]

1. d4 Nf6 2. Nf3 g6 3. c4 Bg7 4. Bg5 h6 5. Bh4 g5 6. Bg3 O-O 7. Nc3 d6 8. e3
Nbd7 9. Bd3 Re8 10. O-O Nh5 11. Qd2 Nxg3 12. hxg3 e5 13. Bc2 Nb6 14. b3 f5 15.
e4 f4 16. gxf4 gxf4 17. dxe5 dxe5 18. Qxd8 Rxd8 19. Rad1 Bg4 20. Rxd8+ Rxd8 21.
Nh2 Bd7 22. Rd1 c6 23. Nf3 Kf7 24. c5 Na8 25. b4 Bf6 26. Rd6 Ke7 27. Bb3 Nc7
28. g3 fxg3 29. fxg3 Ne8 30. Rd3 Ng7 31. Rd6 Ne8 32. Rd3 Ng7 33. Rd6 Ne8 34.
Rd3 1/2-1/2

[Event "XXXI C.to Italiano femminile"]
[Site "Bratto - Castione della Presolana ITA"]
[Date "2004.08.27"]
[Round "8"]
[White "Chierici, Marianna"]
[Black "Varagnolo, Silvia"]
[Result "1/2-1/2"]
[WhiteElo "1646"]
[BlackElo "1610"]
[PlyCount "97"]
[EventDate "2004.08.20"]

1. e4 c6 2. d4 d5 3. exd5 cxd5 4. Bf4 Nf6 5. Nd2 Nc6 6. c3 g6 7. Ngf3 Bg7 8.
Bd3 O-O 9. O-O Bd7 10. Re1 Nh5 11. Bg5 h6 12. Bh4 Re8 13. Nb3 b6 14. Ne5 Nxe5
15. dxe5 Qc7 16. e6 Bxe6 17. Rxe6 fxe6 18. Bxg6 Nf6 19. Bxe8 Rxe8 20. Qe2 e5
21. Re1 e4 22. Nd4 Qd7 23. Qd2 Qg4 24. Bg3 Qd7 25. h3 e5 26. Nc2 Qb5 27. Bh4
Kh7 28. Nb4 Rd8 29. b3 a5 30. a4 Qd7 31. Nc2 Rc8 32. Bxf6 Bxf6 33. Rxe4 Bg5 34.
Qd3 Rxc3 35. Qxc3 dxe4 36. Ne3 Qd6 37. Qc4 Qd4 38. Qc7+ Kg6 39. Qc6+ Kh7 40.
Ng4 e3 41. Qc7+ Kg8 42. Qb8+ Kh7 43. Qc7+ Kg8 44. Qc8+ Kg7 45. Nxe3 Bxe3 46.
Qc7+ Kg6 47. fxe3 Qxe3+ 48. Kh1 Qxb3 49. Qxe5 1/2-1/2

[Event "XXXI C.to Italiano femminile"]
[Site "Bratto - Castione della Presolana ITA"]
[Date "2004.08.27"]
[Round "8"]
[White "Clappa, Ilaria"]
[Black "Costariol, Elena"]
[Result "1-0"]
[WhiteElo "1850"]
[BlackElo "1554"]
[PlyCount "135"]
[EventDate "2004.08.20"]

1. e4 c5 2. c4 d6 3. Nc3 Nf6 4. g3 e6 5. Bg2 Bd7 6. Nge2 Nc6 7. d3 h6 8. a3 Be7
9. Rb1 Qa5 10. Bd2 Qb6 11. h3 O-O 12. Be3 Qc7 13. O-O Rab8 14. b4 b6 15. Qd2 a6
16. f4 e5 17. f5 cxb4 18. Nd5 Qd8 19. axb4 b5 20. g4 Nh7 21. Nxe7+ Qxe7 22. Nc3
bxc4 23. Nd5 Qd8 24. dxc4 Ne7 25. f6 Nxd5 26. fxg7 Nxe3 27. gxf8=Q+ Qxf8 28.
Qxe3 Qg7 29. Qa7 Rd8 30. Qb6 Qf8 31. Qxa6 Be6 32. Rfd1 Nf6 33. Rd2 Ne8 34. c5
Qe7 35. Rbd1 Bb3 36. Rb1 Be6 37. c6 Nc7 38. Qb6 Kf8 39. Ra1 Rc8 40. Ra7 Qd8 41.
Qe3 Kg7 42. Qd3 Ne8 43. Qb5 Qg5 44. Rf2 Qc1+ 45. Qf1 Qxf1+ 46. Bxf1 Rxc6 47. b5
Rb6 48. Ra6 Rb7 49. b6 d5 50. Bb5 Rb8 51. Bc6 d4 52. b7 Nc7 53. Ra8 Nxa8 54.
bxa8=Q Rxa8 55. Bxa8 Kg6 56. Bd5 Kg7 57. Kf1 Kg6 58. Ke2 Kg7 59. Kd3 Kg6 60.
Kc4 Kg7 61. Kc5 Kg6 62. Kd6 Kg5 63. Bxe6 fxe6 64. Kxe5 Kh4 65. Rf3 h5 66. gxh5
Kxh5 67. Kxe6 Kg5 68. Kd5 1-0

[Event "XXXI C.to Italiano femminile"]
[Site "Bratto - Castione della Presolana ITA"]
[Date "2004.08.27"]
[Round "8"]
[White "Di Cerbo, Giulia"]
[Black "Di Blasi, Erica"]
[Result "1/2-1/2"]
[WhiteElo "1670"]
[BlackElo "1580"]
[PlyCount "109"]
[EventDate "2004.08.20"]

1. d4 d5 2. Nf3 Nf6 3. e3 e6 4. Bd3 c6 5. c3 Nbd7 6. Nbd2 Bd6 7. e4 e5 8. dxe5
Nxe5 9. Nxe5 Bxe5 10. Qe2 dxe4 11. Nxe4 O-O 12. Bg5 h6 13. Bxf6 Bxf6 14. Nxf6+
Qxf6 15. Qe4 g6 16. O-O Qe6 17. Rfe1 Re8 18. Kf1 Qxe4 19. Bxe4 f5 20. Bd5+ Kf8
21. Rxe8+ Kxe8 22. Re1+ Kf8 23. Bc4 b5 24. Be6 Bb7 25. Rd1 Ke7 26. Rd7+ Kxe6
27. Rxb7 a5 28. Rc7 Ra6 29. Ke2 Kd5 30. Rh7 h5 31. Rb7 Kc4 32. Kd2 a4 33. Rd7
c5 34. Kc2 b4 35. b3+ axb3+ 36. axb3+ Kb5 37. c4+ Kc6 38. Rg7 Ra2+ 39. Kc1 Rxf2
40. Rxg6+ Kd7 41. Rg3 Ke6 42. Kd1 Ke5 43. Ke1 Rb2 44. Kf1 Ke4 45. h3 Rd2 46.
Rf3 Rb2 47. Kg1 Rc2 48. Kf1 Rb2 49. Kg1 h4 50. Kf1 Kd4 51. Kg1 Ke4 52. Kf1 Rd2
53. Rf2 Rxf2+ 54. Kxf2 Kd3 55. g3 1/2-1/2

[Event "XXXI C.to Italiano femminile"]
[Site "Bratto - Castione della Presolana ITA"]
[Date "2004.08.27"]
[Round "8"]
[White "Francalancia, Mariachiara"]
[Black "Rombaldoni, Sharon"]
[Result "1-0"]
[WhiteElo "1528"]
[BlackElo "1440"]
[PlyCount "119"]
[EventDate "2004.08.20"]

1. d4 d5 2. c4 e6 3. Nc3 Nf6 4. Bf4 c6 5. e3 Bd6 6. Bxd6 Qxd6 7. c5 Qe7 8. Bd3
Nbd7 9. Nf3 e5 10. dxe5 Nxe5 11. Nxe5 Qxe5 12. O-O O-O 13. Re1 d4 14. exd4 Qxd4
15. Qc2 Qxc5 16. Re3 g6 17. Rae1 Bd7 18. Qb3 Ng4 19. Rf3 Ne5 20. Rfe3 Rfe8 21.
Ne4 Qb6 22. Qxb6 axb6 23. Nf6+ Kg7 24. Nxe8+ Rxe8 25. Rxe5 Rxe5 26. Rxe5 Be6
27. a3 b5 28. Re1 Bc4 29. Bxc4 bxc4 30. Rd1 Kf8 31. Rd7 b6 32. Rb7 b5 33. Rc7
Ke8 34. Rxc6 Kd7 35. Rc5 Kd6 36. Rxb5 Kc6 37. Rg5 f6 38. Rg4 Kd5 39. Kf1 f5 40.
Rh4 g5 41. Rxh7 Kd4 42. Rd7+ Ke5 43. Ke2 Ke6 44. Rd1 f4 45. Rd4 Ke5 46. Rxc4 g4
47. b4 Kd5 48. Rxf4 Kc6 49. Rf5 Kb6 50. a4 Ka6 51. h4 Kb6 52. h5 Kc6 53. h6 Kd6
54. h7 Ke6 55. Rh5 Kf7 56. h8=Q Kg6 57. Qh6+ Kf7 58. Rg5 Ke7 59. Rg7+ Kf8 60.
Qh8# 1-0

[Event "XXXI C.to Italiano femminile"]
[Site "Bratto - Castione della Presolana ITA"]
[Date "2004.08.27"]
[Round "8"]
[White "Goi, Veronika"]
[Black "De Rosa, Mariagrazia"]
[Result "1/2-1/2"]
[WhiteElo "1823"]
[BlackElo "2124"]
[PlyCount "148"]
[EventDate "2004.08.20"]

1. d4 Nf6 2. c4 e6 3. a3 d5 4. Nc3 Be7 5. Nf3 O-O 6. Bf4 c6 7. e3 Nbd7 8. h3
Re8 9. c5 Ne4 10. Qc2 Nxc3 11. Qxc3 f6 12. b4 Bf8 13. Be2 g6 14. O-O Bg7 15.
Bd6 e5 16. Qb3 exd4 17. Nxd4 f5 18. Rad1 a6 19. Rfe1 Nf6 20. Bd3 Ne4 21. Bh2
Qh4 22. Qc2 Bd7 23. Nf3 Qe7 24. Nd4 Be5 25. Bxe5 Qxe5 26. Nf3 Qf6 27. a4 Rad8
28. Qb3 Kf8 29. Rc1 Re7 30. Re2 Rf7 31. Qb2 Qxb2 32. Rxb2 Re8 33. Nd4 Ree7 34.
b5 axb5 35. axb5 cxb5 36. Bxb5 Bxb5 37. Rxb5 Ke8 38. c6 bxc6 39. Nxc6 Rc7 40.
Rxd5 Rfd7 41. Rxd7 Kxd7 42. Ne5+ Kd6 43. Rxc7 Kxc7 44. f3 Nf6 45. Kf2 Kd6 46.
Nd3 Kd5 47. Nf4+ Ke5 48. h4 Kd6 49. Kg3 Ke7 50. Kh3 Kd6 51. Kg3 Ke5 52. Nd3+
Kd6 53. Nf2 Ke5 54. f4+ Ke6 55. Kf3 h5 56. Nh3 Kf7 57. Ng5+ Ke7 58. g3 Ng4 59.
e4 fxe4+ 60. Nxe4 Ke6 61. Nf2 Nh6 62. Nd3 Kf6 63. Ne5 Kf5 64. Nc4 Kf6 65. Ne3
Ke6 66. Ke4 Kf6 67. Nc4 Ke6 68. Ne5 Kf6 69. Kf3 Kg7 70. Kg2 Kf6 71. Kh3 Kf5 72.
Kg2 Kf6 73. Kf3 Kf5 74. Nd3 Kf6 1/2-1/2

[Event "XXXI C.to Italiano femminile"]
[Site "Bratto - Castione della Presolana ITA"]
[Date "2004.08.27"]
[Round "8"]
[White "Lomakina, Nadya"]
[Black "Tonel, Giulia"]
[Result "1/2-1/2"]
[WhiteElo "1751"]
[BlackElo "1670"]
[PlyCount "120"]
[EventDate "2004.08.20"]

1. d4 d5 2. Nf3 Nf6 3. c3 e6 4. Bg5 Be7 5. Nbd2 b6 6. e3 Bb7 7. Bd3 O-O 8. Qc2
h6 9. Bh4 Nbd7 10. O-O c5 11. Rfe1 Rc8 12. Rad1 c4 13. Bf1 Re8 14. b3 cxb3 15.
Qxb3 Ne4 16. Bxe7 Qxe7 17. c4 Nd6 18. Rc1 f5 19. Rc2 Nf6 20. Ne5 Nde4 21. Rec1
Nxd2 22. Rxd2 dxc4 23. Bxc4 Nd7 24. Rdc2 Kh7 25. Bb5 Rxc2 26. Rxc2 Rc8 27. Rxc8
Bxc8 28. Qc4 Bb7 29. Nc6 Bxc6 30. Bxc6 Nf6 31. h3 Qd6 32. Ba4 Nd5 33. Bb3 Kg6
34. Qa4 Qc7 35. Qc4 Qd6 36. Qc2 Nb4 37. Qc4 Nd5 38. Qa4 Qc7 39. Qc4 Qd6 40. Qd3
Nb4 41. Qb1 Kf6 42. Qb2 Kf7 43. a3 Nd5 44. Bc4 Qe7 45. Qb3 Qd6 46. f3 g6 47. e4
Nf4 48. Qe3 Nh5 49. exf5 gxf5 50. Qe5 Qxe5 51. dxe5 Nf4 52. g3 Nxh3+ 53. Kg2
Ng5 54. f4 Ne4 55. Kh3 Nc5 56. Kh4 Kg6 57. g4 fxg4 58. Kxg4 h5+ 59. Kf3 Kg7 60.
Kg3 Kg6 1/2-1/2

[Event "XXXI C.to Italiano femminile"]
[Site "Bratto - Castione della Presolana ITA"]
[Date "2004.08.27"]
[Round "8"]
[White "Matta, Francesca"]
[Black "Castellano, Fulvia"]
[Result "1-0"]
[WhiteElo "1772"]
[BlackElo "1772"]
[PlyCount "63"]
[EventDate "2004.08.20"]

1. d4 d5 2. Nf3 Nf6 3. Bf4 Bf5 4. e3 e6 5. c3 Bd6 6. Bxd6 Qxd6 7. Bd3 Bg6 8.
Qc2 Nbd7 9. Nbd2 c5 10. O-O c4 11. Bxg6 hxg6 12. e4 Ng4 13. h3 Nh6 14. Rfe1
O-O-O 15. b3 f5 16. exd5 cxb3 17. axb3 exd5 18. Rxa7 Qb6 19. Ra8+ Kc7 20. Rxd8
Rxd8 21. Ng5 Kc8 22. Re6 Qa5 23. Rxg6 Re8 24. Re6 Rxe6 25. Nxe6 Qa6 26. Nf4 g5
27. Nxd5 Qe2 28. Qc1 f4 29. Nf3 Qe4 30. c4 g4 31. Qe1 Qxe1+ 32. Nxe1 1-0

[Event "XXXI C.to Italiano femminile"]
[Site "Bratto - Castione della Presolana ITA"]
[Date "2004.08.27"]
[Round "8"]
[White "Messina, Roberta"]
[Black "Reginato, Sabrina"]
[Result "1/2-1/2"]
[WhiteElo "1673"]
[BlackElo "1553"]
[PlyCount "102"]
[EventDate "2004.08.20"]

1. e4 c5 2. c3 d6 3. d4 cxd4 4. cxd4 Nf6 5. Nc3 a6 6. Nf3 e6 7. Bg5 Be7 8. Bd3
Nc6 9. a3 O-O 10. Bc2 e5 11. d5 Na5 12. Nd2 Qc7 13. Bd3 b5 14. O-O Bd7 15. Rc1
Qd8 16. Bxf6 Bxf6 17. b4 Nb7 18. Nf3 Qb6 19. h3 Rac8 20. Qb3 Rfd8 21. a4 bxa4
22. Nxa4 Qa7 23. b5 axb5 24. Bxb5 Bxb5 25. Qxb5 Nc5 26. Nxc5 Rxc5 27. Rxc5 Qxc5
28. Qxc5 dxc5 29. Rc1 Rc8 30. d6 c4 31. d7 Rd8 32. Rxc4 Rxd7 33. Rc8+ Rd8 34.
Rxd8+ Bxd8 35. Nxe5 g5 36. Kf1 Bc7 37. Nd3 h6 38. Ke2 Kg7 39. Kf3 Kg6 40. g4 f6
41. Ke3 Bb6+ 42. Kd2 Bd4 43. Kc2 h5 44. f3 hxg4 45. hxg4 Kf7 46. Kb3 Ke6 47.
Kc4 Ba1 48. Kc5 Bc3 49. Kc4 Ba1 50. Nc5+ Ke5 51. Kd3 Kd6 1/2-1/2

[Event "XXXI C.to Italiano femminile"]
[Site "Bratto - Castione della Presolana ITA"]
[Date "2004.08.27"]
[Round "8"]
[White "Mosca, Giulia"]
[Black "Bianchini, Aurora"]
[Result "1/2-1/2"]
[WhiteElo "1527"]
[BlackElo "1775"]
[PlyCount "92"]
[EventDate "2004.08.20"]

1. e4 e5 2. Nf3 Nc6 3. Bb5 Nd4 4. Nxd4 exd4 5. d3 c6 6. Bc4 d5 7. exd5 cxd5 8.
Bb5+ Bd7 9. Bxd7+ Qxd7 10. Qe2+ Qe7 11. Qxe7+ Bxe7 12. Bf4 Rc8 13. Kd1 Bf6 14.
Nd2 Ne7 15. Nf3 O-O 16. Re1 Nc6 17. a3 a5 18. Kd2 Rfd8 19. Bg5 Rd6 20. Bxf6
Rxf6 21. Re2 Rg6 22. Rae1 Kf8 23. g3 Rf6 24. Ng5 Rf5 25. h4 h6 26. Nh3 b5 27.
Nf4 a4 28. Ra1 Ra8 29. Rae1 b4 30. axb4 Nxb4 31. Ra1 Ra5 32. Ra3 Rf6 33. b3 Rc6
34. Kd1 Rca6 35. bxa4 Rxa4 36. Rxa4 Rxa4 37. Re5 Ra1+ 38. Kd2 Ra2 39. Nxd5
Rxc2+ 40. Kd1 Rc5 41. Nb6 Rxe5 42. Nd7+ Ke7 43. Nxe5 Ke6 44. f4 f6 45. Nf3 Nxd3
46. Nxd4+ Kf7 1/2-1/2

[Event "XXXI C.to Italiano femminile"]
[Site "Bratto - Castione della Presolana ITA"]
[Date "2004.08.27"]
[Round "8"]
[White "Negri, Ornella Cecilia"]
[Black "Borsato, Chiara"]
[Result "0-1"]
[WhiteElo "1600"]
[BlackElo "1658"]
[PlyCount "26"]
[EventDate "2004.08.20"]

1. e4 g6 2. d4 Bg7 3. Nc3 d6 4. Be2 Nf6 5. Be3 O-O 6. Qd2 Re8 7. O-O-O c6 8.
Bh6 Bh8 9. f3 b5 10. a3 a5 11. Na2 b4 12. axb4 axb4 13. Nxb4 Ra1# 0-1

[Event "XXXI C.to Italiano femminile"]
[Site "Bratto - Castione della Presolana ITA"]
[Date "2004.08.27"]
[Round "8"]
[White "Rigo, Caterina"]
[Black "Panella, Fiammetta"]
[Result "0-1"]
[WhiteElo "1649"]
[BlackElo "1954"]
[PlyCount "46"]
[EventDate "2004.08.20"]

1. e4 c5 2. Nf3 e6 3. d4 cxd4 4. Nxd4 a6 5. Nc3 Qc7 6. Bd3 Nf6 7. a3 b5 8. O-O
Bb7 9. Re1 d6 10. Be3 Nbd7 11. Nb3 Be7 12. f4 O-O 13. g4 Nb6 14. g5 Nfd7 15.
Qh5 g6 16. Qh6 Rfe8 17. f5 Ne5 18. fxe6 fxe6 19. Qh3 Bf8 20. Nd4 Bc8 21. Rf1
Nxd3 22. Nxe6 Bxe6 23. Rxf8+ Kxf8 0-1

[Event "XXXI C.to Italiano femminile"]
[Site "Bratto - Castione della Presolana ITA"]
[Date "2004.08.27"]
[Round "8"]
[White "Santurbano, Maria Vincenza"]
[Black "Brunello, Roberta"]
[Result "1-0"]
[WhiteElo "1822"]
[BlackElo "1790"]
[PlyCount "63"]
[EventDate "2004.08.20"]

1. e4 e5 2. Nf3 Nc6 3. Bc4 Bc5 4. d3 Nf6 5. Bb3 O-O 6. c3 a6 7. O-O Ba7 8. Nbd2
d6 9. h3 h6 10. Re1 g5 11. Nf1 g4 12. hxg4 Nxg4 13. d4 Qf6 14. Ne3 Ne7 15. g3
h5 16. Kg2 h4 17. gxh4 Ng6 18. Nxg4 Bxg4 19. Bg5 Qxf3+ 20. Qxf3 Bxf3+ 21. Kxf3
exd4 22. Bf6 Ne5+ 23. Kf4 Nd3+ 24. Kg5 Nxe1 25. Kh6 Nf3 26. Bd1 dxc3 27. Bxf3
Bxf2 28. bxc3 Rfe8 29. Kg5 Kf8 30. h5 Be3+ 31. Kf5 Re6 32. Rb1 1-0

[Event "XXXI C.to Italiano femminile"]
[Site "Bratto - Castione della Presolana ITA"]
[Date "2004.08.28"]
[Round "9"]
[White "Banki, Brigitta"]
[Black "Brunello, Marina"]
[Result "1/2-1/2"]
[WhiteElo "1789"]
[BlackElo "1571"]
[PlyCount "146"]
[EventDate "2004.08.20"]

1. e4 e5 2. Nf3 Nc6 3. Bc4 Bc5 4. c3 Nf6 5. d3 O-O 6. O-O d6 7. b4 Bb6 8. h3
Ne7 9. Be3 Ng6 10. Nbd2 Bd7 11. Nh2 Qc8 12. Qf3 Kh8 13. Kh1 Ng8 14. Qg3 f5 15.
exf5 Bxf5 16. Ndf3 Be6 17. Bxe6 Qxe6 18. Ng5 Qf5 19. Bxb6 axb6 20. Ne4 Nf4 21.
Ng4 d5 22. Ne3 Qf7 23. Ng5 Qd7 24. Qg4 Qxg4 25. hxg4 Nxd3 26. Nxd5 Nxf2+ 27.
Kg1 Nxg4 28. Nf7+ Rxf7 29. Rxf7 N8f6 30. Nxc7 Rd8 31. Ne6 Rd2 32. Rf8+ Ng8 33.
Ng5 h6 34. Nf3 Rc2 35. Rc8 e4 36. Nd4 Rd2 37. Nf5 Kh7 38. Rc7 N8f6 39. Rxg7+
Kh8 40. Re7 Rc2 41. Rd1 Rxc3 42. Rd8+ Ng8 43. Kf1 Rc1+ 44. Ke2 Rc2+ 45. Kd1
Rxg2 46. Nh4 Ne3+ 47. Ke1 Rg4 48. Ree8 Nc2+ 49. Kd2 Nxb4 50. Nf5 Nc6 51. Rd7
Rg6 52. Rxb7 Rg2+ 53. Ke3 Nb4 54. Nxh6 Nd5+ 55. Kd4 Ndf6 56. Rxg8+ Nxg8 57.
Nxg8 Kxg8 58. Ra7 e3 59. Kxe3 Kf8 60. Kd4 Rc2 61. a4 Ke8 62. Ra6 Ra2 63. Kc4
Kd7 64. Kb3 Ra1 65. Kb2 Rd1 66. Rxb6 Kc7 67. Rb4 Rd6 68. Kb3 Rb6 69. Rb5 Rxb5+
70. axb5 Kb7 71. Kb4 Kb6 72. Kc4 Kb7 73. Kc5 Kc7 1/2-1/2

[Event "XXXI C.to Italiano femminile"]
[Site "Bratto - Castione della Presolana ITA"]
[Date "2004.08.28"]
[Round "9"]
[White "Bianchini, Aurora"]
[Black "Varagnolo, Silvia"]
[Result "1-0"]
[WhiteElo "1775"]
[BlackElo "1610"]
[PlyCount "87"]
[EventDate "2004.08.20"]

1. d4 d5 2. c4 e6 3. Nc3 Nf6 4. Bg5 Be7 5. e3 Nbd7 6. Nf3 c6 7. Bd3 dxc4 8.
Bxc4 O-O 9. O-O Qc7 10. Rc1 Nb6 11. Bb3 Nfd5 12. Qd3 Nb4 13. Qe4 Qd8 14. Bxe7
Qxe7 15. a3 N4d5 16. Bc2 g6 17. Ne5 Bd7 18. Qf3 Nxc3 19. bxc3 Qxa3 20. Ng4 Qe7
21. Rb1 Rab8 22. Rxb6 axb6 23. Qf6 Qxf6 24. Nxf6+ Kg7 25. Nxd7 Ra8 26. Nxf8
Kxf8 27. Rc1 b5 28. g3 Ra3 29. Be4 f5 30. Bf3 Ra4 31. Bd1 Ra3 32. Kf1 Ke7 33.
Ke2 Kf6 34. Kd2 e5 35. h4 exd4 36. exd4 h6 37. Bc2 Ke6 38. Re1+ Kf7 39. Re5 h5
40. Rc5 Ra6 41. Bb3+ Kf6 42. Re5 Ra7 43. Re6+ Kg7 44. Re7+ 1-0

[Event "XXXI C.to Italiano femminile"]
[Site "Bratto - Castione della Presolana ITA"]
[Date "2004.08.28"]
[Round "9"]
[White "Borsato, Chiara"]
[Black "Mosca, Giulia"]
[Result "1-0"]
[WhiteElo "1658"]
[BlackElo "1527"]
[PlyCount "115"]
[EventDate "2004.08.20"]

1. e4 c6 2. d4 d5 3. exd5 cxd5 4. Nf3 Bg4 5. Be2 Nc6 6. c3 e6 7. Bf4 Bd6 8.
Bxd6 Qxd6 9. Nbd2 Nf6 10. Qc2 Rb8 11. O-O O-O 12. Rfe1 Rfc8 13. a3 a5 14. Bd3
Bxf3 15. Nxf3 b5 16. Ne5 Qc7 17. Rac1 Qb7 18. Qe2 Qb6 19. b4 a4 20. Ng4 Nxg4
21. Qxg4 h6 22. Rc2 Rb7 23. Rxe6 Kf8 24. Rxh6 gxh6 25. Qxc8+ Kg7 26. Qf5 Ne7
27. Qg4+ Kf8 28. h3 Rc7 29. Qe2 Rb7 30. Qe5 f6 31. Qh5 Kg7 32. Qg4+ Kf7 33. Re2
Qc6 34. Rc2 Qb6 35. h4 Qc6 36. h5 Kf8 37. Bg6 Rb6 38. Qe2 Rb7 39. f4 Qd7 40. g4
Rb6 41. Qf3 Kg7 42. f5 Qc7 43. Re2 Qd7 44. Re3 Rc6 45. Qe2 Rc7 46. Re6 Rb7 47.
Qe3 Qd8 48. Ra6 Qc8 49. Qe6 Qxe6 50. Rxe6 Rc7 51. Kf2 Nc8 52. Be8 Na7 53. Rd6
Kf8 54. Rxf6+ Kxe8 55. Rxh6 Rg7 56. Kf3 Kf7 57. Rd6 Nc8 58. Rxd5 1-0

[Event "XXXI C.to Italiano femminile"]
[Site "Bratto - Castione della Presolana ITA"]
[Date "2004.08.28"]
[Round "9"]
[White "Brunello, Roberta"]
[Black "Panella, Fiammetta"]
[Result "1-0"]
[WhiteElo "1790"]
[BlackElo "1954"]
[PlyCount "133"]
[EventDate "2004.08.20"]

1. e4 c5 2. Nf3 e6 3. d4 cxd4 4. Nxd4 a6 5. Nc3 Qc7 6. Be3 Bb4 7. Bd2 Nf6 8.
Bd3 b5 9. O-O Be7 10. Kh1 Bb7 11. Qe2 d6 12. f4 Nbd7 13. Rae1 Nb6 14. e5 dxe5
15. fxe5 Nfd5 16. Qf2 Bc5 17. Ne4 O-O-O 18. Nxc5 Qxc5 19. Qh4 Rd7 20. Nf3 h6
21. Ng5 Qc7 22. Ne4 Kb8 23. Nd6 Ba8 24. Qf2 f6 25. Ne4 Qxe5 26. Nc5 Qd6 27.
Nxd7+ Nxd7 28. Qe2 Re8 29. c4 bxc4 30. Bxc4 Bb7 31. Rd1 Rc8 32. Bb3 Qb6 33. Rc1
Nc5 34. Bxd5 Bxd5 35. b4 Ne4 36. Rxc8+ Kxc8 37. Be3 Qb7 38. Rc1+ Kd7 39. a3 Nd6
40. Qg4 g5 41. Rc2 Nf5 42. Qe2 Nh4 43. Qf1 f5 44. Bd4 f4 45. Be5 f3 46. Kg1
Qb6+ 47. Rc5 Nxg2 48. Qf2 Qd8 49. Rc7+ Qxc7 50. Bxc7 Kxc7 51. Qa7+ Bb7 52. Qc5+
Kd7 53. Qd4+ Bd5 54. Qa7+ Kd6 55. Qxa6+ Ke5 56. Qd3 Nf4 57. Qe3+ Kf5 58. Qc5
Nd3 59. Qd4 Nf4 60. Qc5 Kg4 61. Kf1 e5 62. b5 Bb3 63. b6 Bd1 64. Qg1+ Kh4 65.
b7 Be2+ 66. Kf2 Nd3+ 67. Ke3 1-0

[Event "XXXI C.to Italiano femminile"]
[Site "Bratto - Castione della Presolana ITA"]
[Date "2004.08.28"]
[Round "9"]
[White "Castellano, Fulvia"]
[Black "Rigo, Caterina"]
[Result "1/2-1/2"]
[WhiteElo "1772"]
[BlackElo "1649"]
[PlyCount "80"]
[EventDate "2004.08.20"]

1. e4 e5 2. Nf3 Nc6 3. Bc4 Nf6 4. d3 Bc5 5. c3 O-O 6. O-O Bb6 7. b4 d6 8. a4 a5
9. b5 Ne7 10. h3 Ng6 11. Be3 c6 12. bxc6 bxc6 13. Bxb6 Qxb6 14. Nbd2 d5 15. Ba2
Ba6 16. c4 Rad8 17. Qc2 d4 18. Rab1 Qc5 19. Nb3 Qb4 20. Nbd2 Qc5 21. Rb2 Nd7
22. Nb3 Qb4 23. Nbxd4 Qd6 24. Nf5 Qa3 25. Bb1 Rb8 26. Ra2 Qc5 27. Qd2 Rb4 28.
Rc1 Rfb8 29. Bc2 Nf6 30. Raa1 Rd8 31. Qc3 Nf4 32. Kf1 Nxe4 33. Qe1 Bxc4 34.
dxc4 Qxc4+ 35. Kg1 Ne2+ 36. Kh1 Nxc1 37. Rxc1 f6 38. Qxe4 Qxe4 39. Bxe4 Rxe4
40. Rxc6 Rxa4 1/2-1/2